LIBRARY & INFORMATION CENTRE, KCAET, TAVANUR

ONLINE PUBLIC ACCESS CATALOGUE (OPAC)

Botany: A text book for colleges / (Record no. 9818)

MARC details
000 -LEADER
fixed length control field 00524cam a2200205ua 4500
041 ## - LANGUAGE CODE
Language code of text/sound track or separate title eng
082 ## - DEWEY DECIMAL CLASSIFICATION NUMBER
Classification number 581
Item number HIL/BO
100 ## - MAIN ENTRY--AUTHOR NAME
Personal name Hill, Ben J .
245 ## - TITLE STATEMENT
Title Botany: A text book for colleges /
250 ## - EDITION STATEMENT
Edition statement 4 /
260 ## - PUBLICATION, DISTRIBUTION, ETC. (IMPRINT)
Place of publication New Delhi :
Name of publisher Tata Mc-Graw Hill Publishing Company ,
Year of publication 1985.
300 ## - PHYSICAL DESCRIPTION
Number of Pages 634 ; .
700 1# - ADDED ENTRY--PERSONAL NAME
Personal name Grove, Alvin R .
700 1# - ADDED ENTRY--PERSONAL NAME
Personal name Popp, Henry W .
942 ## - ADDED ENTRY ELEMENTS (KOHA)
Koha item type Books
Holdings
Withdrawn status Lost status Damaged status Home library Current library Date acquired Full call number Accession Number Koha item type
      KAUAET KAUAET 07/04/2012 581 HIL/BO 15906 Books
free website counter